| 000 | 01328cam a2200337Ia 4500 | ||
|---|---|---|---|
| 001 | 9780203123553 | ||
| 003 | BD-DhSAU | ||
| 005 | 20151012151717.0 | ||
| 006 | m|||||o||d|||||||| | ||
| 007 | cr|||| | ||
| 008 | 131028s2013 nyua ob 001 0 eng d | ||
| 020 | _a9780203123553 (e-book : PDF) | ||
| 040 |
_aBD-DhSAU _cBD-DhSAU |
||
| 090 |
_aHV8593 _b.H313 2013 |
||
| 092 |
_a364.67 _bH154 |
||
| 100 | 1 |
_aHajjar, Lisa, _d1961- |
|
| 245 | 1 | 0 |
_aTorture _h[electronic resource] : _ba sociology of violence and human rights / _cLisa Hajjar. |
| 260 |
_aNew York : _bRoutledge, _c2013. |
||
| 300 |
_axii, 83 p. : _bill. |
||
| 490 | 1 | _aFraming 21st century social issues | |
| 504 | _aIncludes bibliographical references (p. 62-69) and index. | ||
| 505 | 0 | _a1. Why are we (still) talking about torture? -- 2. Torture's past -- 3. Modern torture -- 4. Torture and rights -- 5. Enforcing the right not to be tortured -- 6. What's wrong with torture? | |
| 530 | _aAlso available in print edition. | ||
| 538 | _aMode of access: World Wide Web. | ||
| 650 | 0 |
_aTorture _xHistory. |
|
| 650 | 0 |
_aHuman rights _xHistory. |
|
| 655 | 7 |
_aElectronic books. _2lcsh |
|
| 776 | 1 | _z9780415518062 (pbk. : alk. paper) | |
| 830 | 0 | _aFraming 21st century social issues. | |
| 856 | 4 | 0 | _uhttp://www.tandfebooks.com/isbn/9780203123553 |
| 999 |
_c12305 _d12304 |
||